| 000 | 00361 a2200133 4500 | ||
|---|---|---|---|
| 999 |
_c325237 _d325237 |
||
| 001 | 90164 | ||
| 003 | NUST | ||
| 082 | _a891.4394 HAN | ||
| 100 |
_aHaneef Ramay Muhammad _99794 |
||
| 245 |
_aPunjab Ka Moqaddama _cMuhammad Hanif Ramay _hUrdu |
||
| 260 |
_aLahore _bSang-e-Meel Publications _c2010 |
||
| 300 | _a200p. | ||
| 500 | _aGeneral Collection | ||
| 942 |
_aCAE NUST _cBK _k891.4394 HAN _2ddc |
||